[Event "Titled Tue 17th Jun Early"]
[Site "chess.com INT"]
[Date "2025.06.17"]
[Round "6"]
[White "George, Kevin"]
[Black "Buscar, Michael"]
[Result "1-0"]
[WhiteTitle "IM"]
[WhiteElo "2327"]
[BlackElo "2016"]
[WhiteFideId "10669515"]
[BlackFideId "2603616"]
[EventDate "2025.06.17"]

1. d4 d5 2. c4 e6 3. Nf3 c5 4. cxd5 exd5 5. Nc3 Nc6 6. Bg5 Nf6 7. dxc5 d4 8. Ne4
Bxc5 9. Nxc5 Qa5+ 10. Bd2 Qxc5 11. b4 Qb6 12. Qa4 a6 13. Rb1 Bf5 14. Rb2 O-O 15.
e3 Ne4 16. Bc1 Nc3 17. Qb3 Rfe8 18. Bc4 Bg6 19. O-O Ne5 20. Nxe5 Rxe5 21. exd4
Qxd4 22. Rd2 Qe4 23. Qxc3 Rc8 24. Bd5 Qf5 25. Qf3 Qb1 26. Rdd1 Bh5 27. g4 Qg6
28. h3 h6 29. Bf4 Rf5 30. Be4 Qf6 31. Bxf5 Bg6 32. Bxc8 1-0

[Event "Titled Tue 17th Jun Early"]
[Site "chess.com INT"]
[Date "2025.06.17"]
[Round "6"]
[White "Palomo, Franklin Annervys"]
[Black "Montano Vicente, Guadalupe"]
[Result "1/2-1/2"]
[WhiteTitle "FM"]
[WhiteElo "2243"]
[BlackElo "1938"]
[WhiteFideId "3906965"]
[BlackFideId "5181399"]
[EventDate "2025.06.17"]

1. e4 c5 2. Nf3 d6 3. d4 cxd4 4. Nxd4 Nf6 5. Nc3 a6 6. f4 g6 7. Be2 Bg7 8. O-O
O-O 9. Kh1 Nc6 10. Nf3 Bg4 11. h3 Bxf3 12. Bxf3 Rc8 13. Be3 b5 14. a3 Na5 15.
Qe2 Nc4 16. Bc1 Nd7 17. Nd1 Qc7 18. Rb1 Ncb6 19. Ne3 e6 20. Bd2 Nc4 21. Nxc4
Qxc4 22. Qxc4 Rxc4 23. c3 Rcc8 24. Be3 Nc5 25. Rbd1 Na4 26. Rf2 Rfd8 27. g4 a5
28. Kg2 Rb8 29. Rfd2 b4 30. cxb4 axb4 31. Rxd6 Rxd6 32. Rxd6 Bf8 33. Ra6 Nxb2
34. axb4 Bxb4 35. Rb6 Rxb6 36. Bxb6 Nc4 37. Bc7 Nd2 38. e5 Nxf3 39. Kxf3 Bc3 40.
Ke4 Kf8 41. Bb6 Ke8 42. Be3 Kd7 43. h4 Be1 44. h5 Bh4 45. f5 Be7 46. fxg6 fxg6
47. hxg6 hxg6 48. Kd4 Bf8 49. Kc4 Kc6 50. Bd4 Be7 51. Bc3 Bg5 52. Bd4 Bf4 53.
Bb2 Bg5 54. Bc3 Bf4 55. Bd4 Bg5 56. Bb2 Bf4 57. Ba1 Bg5 58. Kd4 Bc1 59. Kc4 Bg5
60. Bd4 Bf4 61. Bc3 Bg5 62. Bd4 1/2-1/2

[Event "Titled Tue 17th Jun Early"]
[Site "chess.com INT"]
[Date "2025.06.17"]
[Round "6"]
[White "Iniyan, Pa"]
[Black "Linares Orellana, Hector Jose"]
[Result "1-0"]
[WhiteTitle "GM"]
[BlackTitle "FM"]
[WhiteElo "2573"]
[BlackElo "2111"]
[WhiteFideId "25002767"]
[BlackFideId "7304307"]
[EventDate "2025.06.17"]

1. c4 e6 2. Nf3 d5 3. g3 Nf6 4. Bg2 Be7 5. O-O O-O 6. b3 c5 7. Bb2 d4 8. b4 Nc6
9. bxc5 Bxc5 10. d3 Re8 11. Nbd2 a5 12. Nb3 Bb6 13. a4 e5 14. c5 Bc7 15. Nfd2
Be6 16. Rc1 Bd5 17. Nc4 Bxg2 18. Kxg2 Qd5+ 19. Kg1 Rad8 20. Ba3 e4 21. Nd6 Bxd6
22. cxd6 exd3 23. Qxd3 Ne5 24. Qb5 Qxb5 25. axb5 d3 26. exd3 Nxd3 27. Rcd1 Ne5
28. Nxa5 b6 29. Nc6 Ra8 30. Bb2 Ned7 31. Bxf6 gxf6 32. Rfe1 Kf8 33. Re7 Rxe7 34.
dxe7+ Ke8 35. Rd4 f5 36. Rh4 Nf6 37. Rd4 Nd7 38. Kg2 Rc8 39. Rf4 Nb8 40. Nxb8
Rxb8 41. Rxf5 Kxe7 42. Rh5 Rh8 43. Kf3 f6 44. Ke4 Kf7 45. Kd5 Kg6 46. Rh4 Rc8
47. Rc4 Rd8+ 48. Kc6 Rd2 49. Rf4 Kg5 50. Kxb6 h5 51. h4+ Kg6 52. Kc5 Rb2 53. b6 1-0

[Event "Titled Tue 17th Jun Early"]
[Site "chess.com INT"]
[Date "2025.06.17"]
[Round "6"]
[White "Matinian, Nikita"]
[Black "Tulendinov, Dinmukhammed"]
[Result "0-1"]
[WhiteTitle "GM"]
[BlackTitle "FM"]
[WhiteElo "2421"]
[BlackElo "2104"]
[WhiteFideId "24129100"]
[BlackFideId "13730860"]
[EventDate "2025.06.17"]

1. e4 c5 2. Nf3 e6 3. b3 Nc6 4. Bb2 d6 5. Bb5 Bd7 6. O-O Nf6 7. Re1 Be7 8. Bxc6
Bxc6 9. e5 dxe5 10. Nxe5 Qd5 11. Nxc6 Qxc6 12. d3 O-O 13. Nd2 Rad8 14. a4 Nd5
15. a5 Bf6 16. Bxf6 Nxf6 17. Qf3 Qc7 18. a6 b6 19. Nc4 Nd5 20. g3 Nb4 21. Re2
Nc6 22. c3 Rd5 23. Rd1 Rfd8 24. Qe4 Nb8 25. d4 Nxa6 26. Ra1 Nb8 27. dxc5 Rxc5
28. Ne5 Rxc3 29. b4 Nc6 30. Nxc6 Rxc6 31. b5 Rc1+ 32. Rxc1 Qxc1+ 33. Kg2 Qc7 34.
Rc2 Qd7 35. Rc6 g6 36. Kh3 e5+ 37. Kh4 Qd4 38. f3 Qxe4+ 39. fxe4 Rd4 40. Rc7
Rxe4+ 41. Kh3 Rb4 42. Rxa7 Rxb5 43. Rb7 Kg7 44. g4 h6 45. Kh4 Rb3 46. g5 Rb4+
47. Kh3 hxg5 48. Kg3 e4 49. h3 b5 50. Kg4 Kg8 51. Kxg5 Kg7 52. Re7 e3 53. Rxe3
f6# 0-1

[Event "Titled Tue 17th Jun Early"]
[Site "chess.com INT"]
[Date "2025.06.17"]
[Round "6"]
[White "Khanbutaev, Artemii"]
[Black "Uraev, Ivan"]
[Result "0-1"]
[BlackTitle "FM"]
[WhiteElo "2139"]
[BlackElo "2194"]
[WhiteFideId "55747175"]
[BlackFideId "4192443"]
[EventDate "2025.06.17"]

1. d4 Nf6 2. c4 e6 3. g3 c5 4. d5 exd5 5. cxd5 d6 6. Nc3 g6 7. Bg2 Bg7 8. Nf3
O-O 9. O-O a6 10. a4 Re8 11. Bf4 h6 12. Re1 Ne4 13. Nxe4 Rxe4 14. Nd2 Rb4 15.
Ra2 g5 16. Be3 Nd7 17. Qc2 Ne5 18. b3 Ng4 19. Nc4 Nxe3 20. Nxe3 Qf6 21. Nc4 Bd7
22. e4 Re8 23. Qd3 b5 24. Nb6 Qd8 25. Nxd7 Qxd7 26. axb5 axb5 27. Ra6 c4 28.
bxc4 bxc4 29. Qa3 Reb8 30. Ra7 Qe8 31. Bf1 c3 32. Qa6 Qe5 33. Rc7 Qf6 34. Bd3
Rb2 35. Rf1 Rf8 36. Qc4 Qf3 37. Rc8 Be5 38. Rxf8+ Kxf8 39. Qc8+ Kg7 40. Qc4 Rd2
41. Bb1 Bd4 42. Bd3 Bxf2+ 43. Rxf2 Qxf2+ 44. Kh1 Qxh2# 0-1

[Event "Titled Tue 17th Jun Early"]
[Site "chess.com INT"]
[Date "2025.06.17"]
[Round "6"]
[White "Salimova, Asal"]
[Black "Peczely, Sebastian Zsombor"]
[Result "0-1"]
[WhiteTitle "WCM"]
[BlackTitle "FM"]
[WhiteElo "2063"]
[BlackElo "2309"]
[WhiteFideId "14204940"]
[BlackFideId "750964"]
[EventDate "2025.06.17"]

1. d4 Nf6 2. c4 e6 3. Nc3 d5 4. cxd5 exd5 5. Bg5 Be7 6. e3 O-O 7. Bd3 c6 8. Nge2
Be6 9. O-O Nbd7 10. f3 Re8 11. e4 dxe4 12. fxe4 Nxe4 13. Bxe7 Nxc3 14. Nxc3 Qxe7
15. Qh5 Nf8 16. Rae1 Rad8 17. Re4 Qd7 18. Rh4 g6 19. Qh6 Bd5 20. Rhf4 Re7 21.
Kh1 Rde8 22. b3 Re1 23. Bc4 Rxf1+ 24. Bxf1 f5 25. h4 Qg7 26. Qg5 Ne6 27. Qg3
Nxf4 28. Qxf4 Be6 29. Qd6 Qd7 30. Qf4 Rd8 31. Ne2 Bd5 32. Kg1 Qe6 33. Qg5 Re8
34. Nf4 Qe3+ 35. Kh2 Qxd4 36. Nxg6 Qg4 37. Ne7+ Kf7 38. Qxf5+ Qxf5 39. Nxf5 Re1
40. Bd3 Rd1 41. Bc2 Rd2 42. Bb1 Rxg2+ 43. Kh3 Rb2 44. Bd3 Be6 45. Kg4 Rd2 46.
Bb1 Rd5 47. Kf4 Bxf5 48. Bxf5 h5 49. Ke4 Kf6 50. Bc8 b6 51. Bb7 Re5+ 52. Kf4 c5
53. Bf3 Rf5+ 54. Ke4 Rxf3 55. Kxf3 Kf5 56. a4 a6 57. Ke3 b5 58. Kd3 Kg4 59. axb5
axb5 60. Ke4 c4 61. bxc4 bxc4 62. Kd4 Kxh4 63. Kxc4 Kg3 64. Kd3 h4 65. Ke2 Kg2 0-1

[Event "Titled Tue 17th Jun Early"]
[Site "chess.com INT"]
[Date "2025.06.17"]
[Round "6"]
[White "Ndirangu, Nyaruai, Joyce"]
[Black "Cramling Bellon, Anna"]
[Result "1-0"]
[WhiteTitle "WCM"]
[BlackTitle "WFM"]
[WhiteElo "1909"]
[BlackElo "2046"]
[WhiteFideId "10802886"]
[BlackFideId "32009232"]
[EventDate "2025.06.17"]

1. d4 d5 2. Nf3 Nf6 3. Bf4 c5 4. e3 Nc6 5. c3 Bg4 6. Nbd2 e6 7. Bb5 Bd6 8. Qa4
O-O 9. Bxc6 bxc6 10. Qxc6 Bxf4 11. exf4 cxd4 12. Nxd4 Qb8 13. N2b3 Qxf4 14. O-O
e5 15. g3 Qe4 16. Rfe1 Qd3 17. Re3 Qg6 18. Rxe5 Bd7 19. Qd6 Rad8 20. Rae1 Qh6
21. h4 Bg4 22. Qa6 Qg6 23. Kg2 Bh5 24. Qf1 Ne4 25. Qd3 f6 26. Re6 1-0

[Event "Titled Tue 17th Jun Early"]
[Site "chess.com INT"]
[Date "2025.06.17"]
[Round "6"]
[White "Murthy, Pappu"]
[Black "Garcia Correa, Jose Ricardo"]
[Result "1-0"]
[BlackTitle "FM"]
[WhiteElo "1838"]
[BlackElo "2103"]
[WhiteFideId "2013401"]
[BlackFideId "5101832"]
[EventDate "2025.06.17"]

1. e4 e5 2. Nf3 Nc6 3. Nc3 d6 4. Bc4 Be7 5. a4 Nf6 6. a5 a6 7. d3 Bg4 8. h3 Bh5
9. g4 Bg6 10. Be3 O-O 11. Qd2 Nb4 12. Rg1 d5 13. exd5 Nfxd5 14. Bg5 Bxg5 15.
Nxg5 Nxc3 16. bxc3 Nxc2+ 17. Qxc2 Qxg5 18. Bd5 c6 19. Bf3 Qf4 20. Qe2 Rad8 21.
Rd1 Rfe8 22. c4 Qd4 23. Be4 Qc3+ 24. Kf1 Qxa5 25. Bxg6 hxg6 26. h4 Qa4 27. h5 e4
28. d4 Qb3 29. hxg6 fxg6 30. Rg3 Qb4 31. Re3 Qe7 32. d5 cxd5 33. cxd5 Qe5 34.
Qc4 b5 35. Qb3 Rd6 36. Qc2 Rxd5 37. Qa2 Rd8 38. Rde1 Kf8 39. Qxa6 Qh2 40. Rg3
Qh1+ 41. Rg1 Qh3+ 42. Rg2 Rd3 43. Qxb5 e3 44. Qc5+ 1-0

[Event "Titled Tue 17th Jun Early"]
[Site "chess.com INT"]
[Date "2025.06.17"]
[Round "6"]
[White "Zahn, Wolfgang"]
[Black "Sickmann, Lisa"]
[Result "1-0"]
[WhiteTitle "FM"]
[BlackTitle "WFM"]
[WhiteElo "2280"]
[BlackElo "1974"]
[WhiteFideId "4620984"]
[BlackFideId "16267818"]
[EventDate "2025.06.17"]

1. d4 Nf6 2. c4 e6 3. Nf3 d5 4. g3 dxc4 5. Bg2 Bb4+ 6. Bd2 Bxd2+ 7. Nbxd2 O-O 8.
Nxc4 Nc6 9. O-O a5 10. Rc1 Ra6 11. Nce5 Nxe5 12. Nxe5 Nd5 13. a3 Rb6 14. Nc4 Ra6
15. Qc2 b5 16. Ne5 f6 17. Nc6 Qd6 18. e4 Nb6 19. e5 fxe5 20. dxe5 Qd7 21. Nb8
Qf7 22. Nxa6 Bxa6 23. Qxc7 Nc4 24. Qc6 Bc8 25. Qxb5 Nd2 26. Rfd1 Qxf2+ 27. Kh1
Qe3 28. Rc3 Qh6 29. Qd3 Rf2 30. Rxc8+ Kf7 31. Rc7+ 1-0

[Event "Titled Tue 17th Jun Early"]
[Site "chess.com INT"]
[Date "2025.06.17"]
[Round "6"]
[White "Deboushnik De"]
[Black "Cherepov, Alexej"]
[Result "1-0"]
[WhiteTitle "CM"]
[BlackTitle "CM"]
[WhiteElo "2272"]
[BlackElo "2083"]
[WhiteFideId "25768778"]
[BlackFideId "13503650"]
[EventDate "2025.06.17"]

1. e4 Nf6 2. e5 Nd5 3. c4 Nb6 4. d4 d6 5. f4 dxe5 6. fxe5 Nc6 7. Be3 Bf5 8. Nc3
e6 9. Nf3 Bg4 10. Be2 Bxf3 11. Bxf3 Nxc4 12. Bf2 Nxb2 13. Qb1 Ba3 14. Nb5 Qe7
15. O-O O-O 16. Qc2 Nb4 17. Qb3 N2d3 18. Nxa3 Nxf2 19. Rxf2 a5 20. Nc2 c6 21.
Nxb4 axb4 22. Rb1 Rfd8 23. Qxb4 Qxb4 24. Rxb4 b5 25. Bxc6 Rac8 26. Bxb5 Rc1+ 27.
Rf1 Rc2 28. a4 Rd2 29. h3 Rc8 30. Ba6 Ra8 31. Bb7 Rb8 32. Rfb1 h5 33. a5 h4 34.
a6 Ra2 35. R1b2 Ra3 36. Rb6 g6 37. Bf3 Rc8 38. Rb8 Rxb8 39. Rxb8+ Kg7 40. Rb6 g5
41. Kf2 Kg6 42. Be4+ Kg7 43. Rd6 1-0

[Event "Titled Tue 17th Jun Early"]
[Site "chess.com INT"]
[Date "2025.06.17"]
[Round "6"]
[White "Gurel, Ediz"]
[Black "Odegov, Artem"]
[Result "1-0"]
[WhiteTitle "GM"]
[BlackTitle "FM"]
[WhiteElo "2636"]
[BlackElo "2244"]
[WhiteFideId "44507356"]
[BlackFideId "34183644"]
[EventDate "2025.06.17"]

1. Nf3 d5 2. b3 c5 3. Bb2 Nf6 4. e3 g6 5. Be2 Bg7 6. O-O O-O 7. d4 cxd4 8. Nxd4
Re8 9. Nd2 e5 10. N4f3 Nc6 11. Bb5 e4 12. Nd4 Bd7 13. Be2 Ne5 14. c4 dxc4 15.
Nxc4 Nxc4 16. Bxc4 Qe7 17. h3 a6 18. a4 Rac8 19. Qe2 Red8 20. Rfd1 h5 21. Rac1
Be8 22. Qe1 Nd7 23. Bf1 Ne5 24. Qa5 h4 25. Qb6 Rxc1 26. Rxc1 Nd3 27. Bxd3 exd3
28. Rd1 Rd6 29. Qc5 b6 30. Qc4 b5 31. Qxd3 bxa4 32. Ba3 Rxd4 33. Bxe7 Rxd3 34.
Rxd3 Bb5 35. Rd8+ Kh7 36. bxa4 Bxa4 37. Bc5 Bb3 38. Bd4 Bxd4 39. Rxd4 g5 40. Rb4
Be6 41. Ra4 Bc8 42. Ra5 Kg7 43. Rxg5+ 1-0

[Event "Titled Tue 17th Jun Early"]
[Site "chess.com INT"]
[Date "2025.06.17"]
[Round "6"]
[White "Karpenko, Anton"]
[Black "Guliev, Gasan"]
[Result "1-0"]
[WhiteTitle "CM"]
[BlackTitle "CM"]
[WhiteElo "2219"]
[BlackElo "2123"]
[WhiteFideId "34374353"]
[BlackFideId "34165638"]
[EventDate "2025.06.17"]

1. e4 c5 2. Nf3 Nc6 3. d4 cxd4 4. Nxd4 Nf6 5. Nc3 e5 6. Ndb5 d6 7. Nd5 Nxd5 8.
exd5 Ne7 9. c4 Ng6 10. Qa4 Bd7 11. Qb4 Bf5 12. Be3 Qb8 13. c5 a6 14. Nxd6+ Bxd6
15. cxd6 O-O 16. Bb6 Nf4 17. O-O-O Rc8+ 18. Bc7 Rxc7+ 19. dxc7 Qxc7+ 20. Qc3 Qd6
21. g3 Rc8 22. Qxc8+ Bxc8 23. gxf4 Bg4 24. Rd2 Qc5+ 25. Kb1 Bf5+ 26. Bd3 Qxd5
27. Rhd1 e4 28. Bc2 Qc5 29. Rd8+ Qf8 30. Rxf8+ Kxf8 31. Rd8+ 1-0

[Event "Titled Tue 17th Jun Early"]
[Site "chess.com INT"]
[Date "2025.06.17"]
[Round "6"]
[White "Alikulov, Elbek"]
[Black "Roebers, Jan"]
[Result "1-0"]
[WhiteTitle "IM"]
[BlackTitle "FM"]
[WhiteElo "2305"]
[BlackElo "2056"]
[WhiteFideId "14203308"]
[BlackFideId "1007815"]
[EventDate "2025.06.17"]

1. e4 c5 2. Nf3 d6 3. d4 cxd4 4. Nxd4 Nf6 5. Nc3 e6 6. Be3 Nc6 7. f3 Be7 8. Qd2
O-O 9. O-O-O a6 10. h4 Qc7 11. g4 b5 12. h5 Na5 13. g5 Ne8 14. g6 Nc4 15. Bxc4
Qxc4 16. Qh2 h6 17. gxf7+ Rxf7 18. Qg2 b4 19. Nb1 e5 20. Nb3 a5 21. Rhg1 a4 22.
N3d2 Qxa2 23. Qg6 a3 24. bxa3 bxa3 25. Nb3 Qb2+ 26. Kd2 a2 27. Nc3 Bd7 28. Nd5
Rc8 29. Rc1 Ba4 30. Qe6 Bxb3 31. Nxe7+ Kh8 32. Ng6+ Kh7 33. Qxb3 Qxb3 34. cxb3
Rb8 35. Rc3 Ra7 36. Bxa7 1-0

[Event "Titled Tue 17th Jun Early"]
[Site "chess.com INT"]
[Date "2025.06.17"]
[Round "6"]
[White "Tang, Andrew"]
[Black "Kozak, Antoni"]
[Result "0-1"]
[WhiteTitle "GM"]
[WhiteElo "2529"]
[BlackElo "2426"]
[WhiteFideId "2059630"]
[BlackFideId "21832030"]
[EventDate "2025.06.17"]

1. d4 Nf6 2. c4 b6 3. Nc3 Bb7 4. Qc2 Nc6 5. Nf3 Nb4 6. Qb3 e6 7. a3 Bxf3 8. gxf3
Nc6 9. e3 g6 10. Be2 Bg7 11. f4 O-O 12. h4 d5 13. cxd5 exd5 14. h5 Na5 15. Qc2
c5 16. hxg6 hxg6 17. f5 g5 18. Bd2 Re8 19. O-O-O Rc8 20. Bb5 Re7 21. Rdg1 Ne4
22. f3 Nxc3 23. Bxc3 Rxe3 24. Kb1 cxd4 25. f6 Qxf6 26. Qh7+ Kf8 27. Bb4+ Rc5 28.
Qh3 Re6 29. f4 d3 30. Rh2 Nc4 31. Bxc4 dxc4 32. fxg5 Qg6 33. Ka2 Kg8 34. Qf3 Rc8
35. Rgh1 Qe4 36. Qh3 c3 37. Bxc3 Rxc3 38. bxc3 Qc4+ 39. Kb1 Qb3+ 40. Rb2 Qxc3
41. Rhh2 Re1+ 42. Ka2 Qc4+ 43. Rb3 Ra1# 0-1

[Event "Titled Tue 17th Jun Early"]
[Site "chess.com INT"]
[Date "2025.06.17"]
[Round "6"]
[White "Khazan, Yevgeny"]
[Black "Cornelisse, Lorelei"]
[Result "0-1"]
[WhiteTitle "CM"]
[BlackTitle "WFM"]
[WhiteElo "2135"]
[BlackElo "2138"]
[WhiteFideId "2806193"]
[BlackFideId "1087177"]
[EventDate "2025.06.17"]

1. d4 f5 2. g3 Nf6 3. Bg2 g6 4. Nd2 Bg7 5. e4 O-O 6. e5 Ne8 7. f4 d6 8. Ngf3 c5
9. c3 Nc6 10. O-O cxd4 11. cxd4 dxe5 12. dxe5 h6 13. h4 Be6 14. b3 Qb6+ 15. Kh2
Rd8 16. Qe2 Nb4 17. Nc4 Qa6 18. a4 Nc7 19. Ba3 Ncd5 20. Rac1 Na2 21. Rc2 Nac3
22. Qe1 Ne4 23. Nd4 Nxf4 24. gxf4 Rxd4 25. Bxe7 Rc8 26. Bxe4 Rxe4 27. Re2 Bxc4
28. bxc4 Rcxc4 29. Rxe4 Rxe4 30. Qd1 Re2+ 31. Kg3 Qc4 32. Rf3 Qa2 33. Qg1 Qd2
34. Bf6 Re1 0-1

[Event "Titled Tue 17th Jun Early"]
[Site "chess.com INT"]
[Date "2025.06.17"]
[Round "6"]
[White "Oparin, Grigoriy"]
[Black "Ilinca, Felix-Antonio"]
[Result "1-0"]
[WhiteTitle "GM"]
[BlackTitle "IM"]
[WhiteElo "2660"]
[BlackElo "2431"]
[WhiteFideId "24125890"]
[BlackFideId "54764998"]
[EventDate "2025.06.17"]

1. c4 c6 2. g3 d5 3. Bg2 Nf6 4. Nf3 Bg4 5. Ne5 Bf5 6. cxd5 cxd5 7. Qb3 Qc7 8.
Nc3 e6 9. d3 a6 10. Bf4 Bd6 11. Rc1 Nc6 12. Nxc6 Bxf4 13. gxf4 bxc6 14. Qa4 O-O
15. O-O Rab8 16. e4 Bg6 17. exd5 exd5 18. Nxd5 Nxd5 19. Bxd5 Bxd3 20. Rfd1 Bg6
21. Rxc6 Qe7 22. Rxa6 Rxb2 23. Qd4 Re2 24. Bf3 Rc2 25. Ra5 Rcc8 26. Re5 Qa3 27.
Kg2 Rc3 28. Qd5 Kh8 29. Rde1 f6 30. Re7 Rcc8 31. f5 Rcd8 32. Qe4 Bf7 33. Re2 Bd5
34. Qg4 Bg8 35. Qxg7# 1-0

[Event "Titled Tue 17th Jun Early"]
[Site "chess.com INT"]
[Date "2025.06.17"]
[Round "6"]
[White "Goldin, Roman"]
[Black "Yelisieiev, Yevhenii"]
[Result "0-1"]
[WhiteTitle "FM"]
[BlackTitle "IM"]
[WhiteElo "2299"]
[BlackElo "2412"]
[WhiteFideId "2803860"]
[BlackFideId "14139642"]
[EventDate "2025.06.17"]

1. e4 c5 2. Nf3 e6 3. c3 Nf6 4. e5 Nd5 5. Bc4 Nc6 6. O-O Nb6 7. Bb3 c4 8. Bc2 d6
9. exd6 Bxd6 10. b3 e5 11. bxc4 Nxc4 12. Qe2 Be6 13. d4 exd4 14. Ng5 Qf6 15. Re1
N4e5 16. Nxe6 Qxe6 17. f4 d3 18. Qf2 dxc2 19. Na3 Bc5 20. Be3 Nd3 21. Bxc5 Nxf2
22. Kxf2 O-O-O 23. Rxe6 fxe6 24. Be3 Rd1 25. Nxc2 Rhd8 26. Ke2 Rxa1 27. Nxa1 e5
28. f5 e4 29. Nc2 b6 30. Nd4 Ne5 31. Bf4 Nd3 32. Bg3 Nc1+ 33. Ke3 Nxa2 34. Kxe4
Nxc3+ 35. Ke5 Rd5+ 36. Ke6 Rxd4 0-1

[Event "Titled Tue 17th Jun Early"]
[Site "chess.com INT"]
[Date "2025.06.17"]
[Round "6"]
[White "Villa Tornero, Alex"]
[Black "Sutormin, Danila"]
[Result "1-0"]
[WhiteTitle "FM"]
[BlackTitle "FM"]
[WhiteElo "2211"]
[BlackElo "2381"]
[WhiteFideId "54501091"]
[BlackFideId "24108669"]
[EventDate "2025.06.17"]

1. e4 c5 2. Nf3 d6 3. c3 Nf6 4. Be2 g6 5. O-O Bg7 6. Re1 O-O 7. Bf1 Bg4 8. h3
Bxf3 9. Qxf3 Nc6 10. d3 Qc7 11. a4 a6 12. Na3 Rab8 13. Be3 b5 14. axb5 axb5 15.
d4 b4 16. Nc4 bxc3 17. bxc3 cxd4 18. cxd4 Nd7 19. Rec1 Nxd4 20. Bxd4 Bxd4 21.
Ne3 Ne5 22. Qd1 Qb6 23. Ra6 Qb2 24. Rc2 Qb4 25. Nd5 Qb1 26. Nxe7+ Kg7 27. Qxd4
Qxc2 28. Rxd6 Qb2 29. Qe3 Rbd8 30. Rxd8 Rxd8 31. Qg5 Re8 32. Nf5+ Kg8 33. Nh6+
Kg7 34. Nf5+ Kg8 35. Ne7+ Kf8 36. Nd5 Kg7 37. Qf6+ Kg8 38. Ne7+ Kf8 39. Nc6 Kg8
40. Ne7+ Kf8 41. Nd5 Kg8 42. h4 h5 43. Ne7+ Kf8 44. Nxg6+ Kg8 45. Qh8# 1-0

[Event "Titled Tue 17th Jun Early"]
[Site "chess.com INT"]
[Date "2025.06.17"]
[Round "6"]
[White "Sadubayev, Airat"]
[Black "Grzesik, Gracjan"]
[Result "1-0"]
[WhiteTitle "FM"]
[BlackTitle "CM"]
[WhiteElo "2211"]
[BlackElo "2175"]
[WhiteFideId "13713264"]
[BlackFideId "1194593"]
[EventDate "2025.06.17"]

1. d4 Nf6 2. c4 e6 3. Nf3 Bb4+ 4. Nbd2 O-O 5. a3 Bxd2+ 6. Qxd2 b6 7. e3 Bb7 8.
Be2 d6 9. O-O Nbd7 10. b4 Ne4 11. Qc2 f5 12. Ne1 Qe7 13. f3 Nef6 14. Bb2 c5 15.
Nd3 Rac8 16. Qb3 cxd4 17. exd4 e5 18. Rae1 Kh8 19. Nf2 Rce8 20. Bd3 e4 21. fxe4
fxe4 22. d5 e3 23. Nh3 Ng4 24. Qc2 Nde5 25. Bxh7 Qh4 26. Bf5 Bc8 27. Bxc8 Rxc8
28. Bxe5 dxe5 29. Qe4 Rce8 30. c5 bxc5 31. bxc5 Qh5 32. d6 1-0

[Event "Titled Tue 17th Jun Early"]
[Site "chess.com INT"]
[Date "2025.06.17"]
[Round "6"]
[White "Vlassov, Nikolai"]
[Black "Uzuner, Tufan Can"]
[Result "0-1"]
[WhiteTitle "IM"]
[BlackTitle "CM"]
[WhiteElo "2291"]
[BlackElo "1909"]
[WhiteFideId "4103360"]
[BlackFideId "6300499"]
[EventDate "2025.06.17"]

1. e4 c6 2. d4 d5 3. f3 e5 4. dxe5 Bc5 5. Nc3 Qb6 6. Na4 Bf2+ 7. Ke2 Qd4 8. c3
Qxd1+ 9. Kxd1 b5 10. exd5 bxa4 11. d6 Bc5 12. f4 Bg4+ 13. Be2 Bxe2+ 14. Kxe2 Nd7
15. Nf3 Nh6 16. Rd1 O-O-O 17. b4 axb3 18. axb3 f6 19. b4 Bb6 20. Kf1 fxe5 21.
fxe5 Rde8 22. Re1 Rhf8 23. Be3 Bxe3 24. Rxe3 Ng4 25. Re2 Nxh2+ 26. Kg1 Nxf3+ 27.
gxf3 Nxe5 28. Kg2 Kb7 29. Rea2 Ra8 30. Ra5 Nxf3 31. b5 cxb5 32. Rxb5+ Kc6 33. c4
Nh4+ 34. Kg3 Nf5+ 35. Kg4 Nxd6 0-1

[Event "Titled Tue 17th Jun Early"]
[Site "chess.com INT"]
[Date "2025.06.17"]
[Round "6"]
[White "Wu, Derek"]
[Black "Tiitta, Sauli"]
[Result "1-0"]
[WhiteTitle "FM"]
[WhiteElo "2232"]
[BlackElo "2157"]
[WhiteFideId "30914558"]
[BlackFideId "502251"]
[EventDate "2025.06.17"]

1. d4 c5 2. d5 h6 3. e4 d6 4. Nc3 a6 5. a4 g5 6. Nge2 Bg7 7. h4 g4 8. Ng3 h5 9.
Bg5 Qb6 10. Rb1 Nd7 11. Nf5 Be5 12. Be2 Ndf6 13. Ne3 Qb4 14. O-O Nxe4 15. Nxe4
Qxe4 16. Bd3 Qb4 17. Nc4 Qxa4 18. Nb6 Qb4 19. Nxa8 c4 20. Be2 b5 21. Nb6 Bb7 22.
Bxg4 hxg4 23. Qxg4 Nf6 24. Bxf6 Bxf6 25. Qd7+ Kf8 26. Qxb7 Rxh4 27. Nd7+ Kg7 28.
Nxf6 exf6 29. g3 Rh5 30. Rfd1 Qc5 31. Qc6 Qa7 32. Qxd6 Rg5 33. Kg2 Qa8 34. Rd4
Qh8 35. Rh1 Rh5 36. Rg4+ Kh6 37. Rxh5+ Kxh5 38. Rh4+ Kg6 39. Rxh8 1-0

[Event "Titled Tue 17th Jun Early"]
[Site "chess.com INT"]
[Date "2025.06.17"]
[Round "6"]
[White "Redor, Menandro"]
[Black "Frempong-Smart Daniel"]
[Result "1-0"]
[BlackTitle "CM"]
[WhiteElo "2021"]
[BlackElo "1841"]
[WhiteFideId "5222010"]
[BlackFideId "12601659"]
[EventDate "2025.06.17"]

1. e4 d5 2. exd5 Qxd5 3. Nf3 Bg4 4. Be2 Nc6 5. O-O O-O-O 6. c4 Qh5 7. Nc3 e6 8.
Ne4 Nf6 9. Ng3 Qg6 10. b3 Be7 11. Bb2 Ne4 12. d4 Nxg3 13. fxg3 Bf6 14. Qe1 Bxf3
15. Bxf3 Nxd4 16. Be4 Qg5 17. Qf2 e5 18. Rad1 h5 19. Bc1 Qg4 20. Rxd4 Kb8 21.
Rxd8+ Rxd8 22. Bf3 Qf5 23. Be3 b6 24. c5 e4 25. c6 exf3 26. gxf3 Qd5 27. Rc1 Bd4
28. Kg2 Rd6 29. Rd1 Bxe3 30. Rxd5 Bxf2 31. Re5 Rxc6 32. Kxf2 Rc2+ 33. Ke3 Rc1
34. Rxh5 1-0

[Event "Titled Tue 17th Jun Early"]
[Site "chess.com INT"]
[Date "2025.06.17"]
[Round "6"]
[White "Pontes, Luiz Felizola Lima"]
[Black "Shapiro, Daniel"]
[Result "0-1"]
[BlackTitle "FM"]
[WhiteElo "2062"]
[BlackElo "2284"]
[WhiteFideId "44709919"]
[BlackFideId "2001780"]
[EventDate "2025.06.17"]

1. e4 c5 2. Nf3 Nc6 3. d4 cxd4 4. Nxd4 Nf6 5. Nc3 d6 6. Bg5 Qb6 7. Nb3 e6 8. Qd2
Be7 9. O-O-O a6 10. f4 Qc7 11. Be2 b5 12. Bxf6 gxf6 13. Bf3 Bb7 14. Rhe1 O-O-O
15. Nd4 Na5 16. Kb1 Nc4 17. Qf2 Kb8 18. Nce2 Rc8 19. c3 Rhd8 20. Nc2 a5 21. Nc1
Nxb2 22. Kxb2 Qxc3+ 23. Kb1 a4 24. Rd3 Qc7 25. Qd2 Ka8 26. Ree3 Qb6 27. Rc3 Rc5
28. Rxc5 dxc5 29. Rd3 Rxd3 30. Qxd3 c4 31. Qd4 Bc5 32. Qxf6 b4 33. Qb2 a3 34.
Qe5 b3 35. axb3 cxb3 36. Nxa3 Bxa3 37. Qa1 Qc5 38. Nxb3 Qb4 39. Kc2 Ba6 40. Bd1
Qxe4+ 41. Kc3 Qd3# 0-1